| 000 | 00413nam a22001577a 4500 | ||
|---|---|---|---|
| 005 | 20180206133908.0 | ||
| 008 | 180206b xxu||||| |||| 00| 0 eng d | ||
| 020 | _a9789696332848 | ||
| 040 | _cPK-LaUMT | ||
| 082 |
_aPKAC 297.7407 _bHAS-R |
||
| 100 | _aHasham al Talib | ||
| 245 |
_aRahnuma e tarbiyat(urdu)/ _cHasham al Talib |
||
| 260 |
_aلاہور: _bمنشورات، _c2015 |
||
| 300 | _a676 | ||
| 942 | _cBK | ||
| 999 |
_c102674 _d102674 |
||